Get the Picture: Which Muppet? Quiz Stats

 Plays Quiz Updated Jul 15, 2019

Score 0/14 Timer 03:00
3 Plays Today
Question Answer Wrong Answers
Winner of a beauty pageant at the Bogen County Fair Miss Piggy
95.2%
Kermit the Frog
0.9%
Gonzo
0.4%
Fozzie Bear
0.5%
Often uses French phrases Miss Piggy
92.5%
Kermit the Frog
1.6%
Gonzo
1.5%
Fozzie Bear
1.3%
Well known catchphrase is 'Wocka Wocka!' Fozzie Bear
89.7%
Kermit the Frog
1.5%
Miss Piggy
0.5%
Gonzo
5.5%
One of the original main Muppet characters on Sesame Street Kermit the Frog
87.9%
Miss Piggy
1.6%
Gonzo
2.8%
Fozzie Bear
4.7%
Romantically linked to Camilla the Chicken Gonzo
81.9%
Kermit the Frog
3.9%
Miss Piggy
1.1%
Fozzie Bear
10.2%
Performs as a double act with Rizzo the Rat Gonzo
81.1%
Kermit the Frog
1.8%
Miss Piggy
1%
Fozzie Bear
13.3%
Known to use a karate-chop whenever insulted or thwarted Miss Piggy
80.9%
Kermit the Frog
6.1%
Gonzo
6.2%
Fozzie Bear
4%
Also known by the epithet The Great Gonzo
80.1%
Kermit the Frog
5.1%
Miss Piggy
2.8%
Fozzie Bear
8.9%
Attempts at stand-up are often heckled by Statler & Waldorf Fozzie Bear
79.2%
Kermit the Frog
10.1%
Miss Piggy
1.5%
Gonzo
6.1%
Frequently paired with Rowlf the Dog Fozzie Bear
79%
Kermit the Frog
7%
Miss Piggy
1.3%
Gonzo
9.8%
Known for an eccentric passion for stunt performance Gonzo
77.4%
Kermit the Frog
4.8%
Miss Piggy
6.3%
Fozzie Bear
8.3%
Has a dog named Foo-Foo Miss Piggy
73.5%
Kermit the Frog
3.5%
Gonzo
6%
Fozzie Bear
14%
Has a nephew named Robin Kermit the Frog
72.1%
Miss Piggy
4%
Gonzo
9.3%
Fozzie Bear
11.5%
Has a criminal doppelgänger named Constantine Kermit the Frog
52.4%
Miss Piggy
11.1%
Gonzo
20.7%
Fozzie Bear
12.6%

Today's Daily Dose

Missing Word
Video Games (A-Z)

Get the Picture
Tom Hanks

You're not logged in!

Compare scores with friends on all Sporcle quizzes.
OR
Log In

Sporcle TV

Today on Sporcle TV


Watch our educational content, quiz creation guides, and fun videos on Sporcle TV.

Show Comments

Extras

Top Quizzes Today


Score Distribution

Your Account Isn't Verified!

In order to create a playlist on Sporcle, you need to verify the email address you used during registration. Go to your Sporcle Settings to finish the process.

Report this User

Report this user for behavior that violates our Community Guidelines.

Details: